Le spectre de la radicalisation (Registro nro. 311182)

Detalles MARC
000 -ENCABEZADO
Número de control [NR] 01172cam a2200325Mi 4500
001 - NÚMERO DE CONTROL
control field on1055598001
005 - FECHA Y HORA DE LA ÚLTIMA TRANSACCIÓN
control field 20181210082726.0
008 - DE LONGITUD FIJA DE DATOS DE ELEMENTOS - INFORMACIÓN GENERAL
Elementos de longitud fija [NR] 181210t2018 fr g b 001 0 fre d
020 ## - NUMERO INTERNACIONAL NORMALIZADO PARA LIBROS [R]
Número Internacional Normalizado del libro [NR] 9782810906666
020 ## - NUMERO INTERNACIONAL NORMALIZADO PARA LIBROS [R]
ISBN Cancelado/ Invalidado [R] 2810906661
024 30 - OTRO IDENTIFICADOR NORMALIZADO [R]
Número o código normalizado [NR] 9782810906666
029 0# - OTRO SISTEMA DE NÚMERO DE CONTROL (OCLC)
OCLC library identifier ZWZ
System control number 230065295
035 ## - NUMERO DE CONTROL DEL SISTEMA [R]
Número de control del sistema [NR] (OCoLC)1055598001
040 ## - FUENTE DE CATALOGACION [NR]
Agencia de catalogación original [NR] Co-BoUCM
Idioma de catalogación [NR] spa
Quien Cataloga Saul Niño
Quien Clasifica Saul Niño
041 0# - CODIGO DE IDIOMA [R]
Código de idioma para texto/pista de sonido o título separado [R] Francés
100 1# - ASIENTO PRINCIPAL--NOMBRE PERSONAL [NR]
Nombre personal [NR] Puaud, David
ID Autoridad 94911
245 13 - MENCION DE TITULO [NR]
Título [NR] Le spectre de la radicalisation
Parte restante del título [NR] l'administration sociale en temps de menace terroriste
Mención de responsabilidad, etc. [NR] David Puaud ; préface de Farhad Khosrokhavar
260 ## - PUBLICACION, DISTRIBUCION, ETC. (PIE DE IMPRENTA) [R]
Lugar de publicación, distribución, etc. [R] Francia
Nombre del editor, distribuidor, etc. [R] Presses de l'ecole hautes etudes en Sante
Fecha de publicación, distribución, etc. [R] 2018
300 ## - DESCRIPCION FISICA [R]
Extensión [R] 242 páginas
490 0# - MENCION DE SERIE [R]
Mención de serie [R] Controverses
500 ## - NOTA GENERAL [R]
Nota general [NR] EHESP = École des hautes études en santé publique
650 #7 - ASIENTO SECUNDARIO DE MATERIA - TERMINO TEMATICO [R]
Término temático o nombre geográfico como elemento de entrada [NR] Violencia
Subdivisión geográfica [R] Francia
9 (RLIN) 422
650 #7 - ASIENTO SECUNDARIO DE MATERIA - TERMINO TEMATICO [R]
Término temático o nombre geográfico como elemento de entrada [NR] Fundamentalismo islámico
Subdivisión general [R] Prevención
Subdivisión geográfica [R] Francia
9 (RLIN) 16217
650 #7 - ASIENTO SECUNDARIO DE MATERIA - TERMINO TEMATICO [R]
Término temático o nombre geográfico como elemento de entrada [NR] Terrorismo
Subdivisión geográfica [R] Francia
Subdivisión cronológica [R] 1990-
9 (RLIN) 25425
650 #0 - ASIENTO SECUNDARIO DE MATERIA - TERMINO TEMATICO [R]
Término temático o nombre geográfico como elemento de entrada [NR] Jihad
Subdivisión geográfica [R] Francia
Subdivisión cronológica [R] 1990-
9 (RLIN) 43961
650 #7 - ASIENTO SECUNDARIO DE MATERIA - TERMINO TEMATICO [R]
Término temático o nombre geográfico como elemento de entrada [NR] Terrorismo
9 (RLIN) 25425
700 1# - ASIENTO SECUNDARIO - NOMBRE PERSONAL [R]
Nombre personal [NR] Khosrokhavar, Farhad
Fechas asociadas con el nombre [NR] 1948-
9 (RLIN) 94912
942 ## - ELEMENTOS DE ENTRADA AGREGADOS (KOHA)
Sistema de clasificación DEWEY
Tema principal Sociología
Tipo de ítem principal el descrito en 300a Libro
Edición 1
Clasificación 303.625
Parte restante de la signatura top. P976s
Existencias
Total préstamos Signatura topográfica Código de barras Última vez visto Ejemplar Costo de reposición Price effective from Tipo de ítem Perdido Sistema de clasificación Dañado No prestable Tipo de ítem específico Suprimido Ubicación habitual Ubicación actual Localización Fecha de creación Proveedor Forma de adquisición Costo
  303.625 P976s 100158834 09/12/2025 Ej.1 243200.00 29/11/2018 Libro   DEWEY     Libro   Claustro Claustro 2do piso 29/11/2018 111 Compra 243200.00